000 005140000a22001810004500
003 MACL
005 20160206171144.0
008 160206b xxu||||| |||| 00| 0 eng d
040 _aMACL
_cmacl
041 _aHindi
082 _a155
100 _aसिंह जगत
_937201
245 _aबालक और अमिभावक
260 _bप्रभात प्रकाशन
_c1982
_aनई दिल्‍ली
350 _a30
650 _aChild Psychology
_923616
942 _cHIN
_k155
_2ddc
999 _c28131
_d28131